MARC

Tag First Indicator Second Indicator Subfields
LEADER 00000cam a2200000 i 4500
001 in00000814721
005 20151017110343.0
008 791211s1979 mdu f00010 eng d
010 |a gp 80006196  
020 |c pbk. 
035 |a (OCoLC)05810830 
035 |9 ADU1271AM 
037 |b 20014 
040 |c GPO  |d UtOrBLW 
043 |a n-us--- 
074 |a 507-L-2 
086 0 |a HE 20.3517:Sci 2 
110 2 |a National Advisory Neurological and Communicative Disorders and Stroke Council (U.S.).  |b Task Force on Basic Science. 
245 1 0 |a Report of the Task Force on Basic Science to the National Advisory Neurological and Communicative Disorders and Stroke Council. 
264 1 |a [Bethesda, Md.] :  |b Dept. of Health, Education, and Welfare, Public Health Service, National Institutes of Health, National Institute of Neurological and Communicative Disorders and Stroke,  |c 1979. 
300 |a ix, 129 pages ;  |c 28 cm. 
336 |a text  |b txt  |2 rdacontent 
337 |a unmediated  |b n  |2 rdamedia 
338 |a volume  |b nc  |2 rdacarrier 
490 1 |a DHEW publication ; no. (NIH) 79-1920 
500 |a June 1, 1979. 
650 0 |a Communicative disorders  |x Research  |z United States. 
650 0 |a Nervous system  |x Diseases  |x Research  |z United States. 
650 0 |a Neurology  |x Research  |z United States. 
710 2 |a National Institute of Neurological and Communicative Disorders and Stroke. 
830 0 |a DHEW publication ;  |v no. (NIH) 79-1920. 
999 |a MARS 
999 f f |s f71aeccb-9401-3529-83c8-635288815272  |i 40879097-502b-32e4-b4ff-928d9c48b8d4  |t 0 
952 f f |p normal  |a Texas A&M University  |b College Station  |c Sterling C. Evans Library  |d Evans: US Documents (Annex 5th floor)  |t 0  |e HE 20.3517:Sci 2  |h Superintendent of Documents classification  |i unmediated -- volume  |m A14814592189 
998 f f |a HE 20.3517:Sci 2  |t 0  |l Evans: US Documents (Annex 5th floor)